[Event "Hannover-ch U16/18"]
[Site "Stadthagen"]
[Date "2009.10.05"]
[Round "5"]
[White "Beyer, Teja"]
[Black "Krueger, Finn"]
[Result "1/2-1/2"]
[WhiteElo "1537"]
[BlackElo "1552"]
[PlyCount "20"]
[EventDate "2009.10.03"]
[EventType "swiss"]
[EventRounds "7"]
[EventCountry "GER"]
[SourceTitle "EXT 2021"]
[Source "ChessBase"]
[SourceDate "2020.10.23"]
[SourceVersion "1"]
[SourceVersionDate "2020.10.23"]
[SourceQuality "1"]

1. e4 c5 2. Nf3 Nc6 3. d4 cxd4 4. Nxd4 Nf6 5. Nc3 e5 6. Nde2 Bb4 7. a3 Ba5 8. f3 0-0 9. Bd2 d6 10. g4 Bxc3 1/2-1/2

[Event "Hannover-ch U14"]
[Site "Bueckeburg"]
[Date "2007.11.03"]
[Round "6"]
[White "Beyer, Kraft Jr"]
[Black "Beyer, Teja"]
[Result "1/2-1/2"]
[WhiteElo "1301"]
[BlackElo "1423"]
[PlyCount "39"]
[EventDate "2007.11.01"]
[EventType "swiss"]
[EventRounds "7"]
[EventCountry "GER"]
[SourceTitle "EXT 2021"]
[Source "ChessBase"]
[SourceDate "2020.10.23"]
[SourceVersion "1"]
[SourceVersionDate "2020.10.23"]
[SourceQuality "1"]

1. e4 e5 2. Nf3 Nf6 3. d3 Nc6 4. Nc3 Bb4 5. Bd2 d5 6. Nxd5 Bxd2+ 7. Qxd2 Nxd5 8. exd5 Qxd5 9. c3 Bg4 10. Be2 0-0-0 11. c4 Qd6 12. Rd1 Nd4 13. Nxd4 Bxe2 14. Qxe2 Qxd4 15. b3 Kb8 16. 0-0 f6 17. Qe4 g6 18. Qxd4 Rxd4 19. Rfe1 Rhd8 20. Re3 1/2-1/2

[Event "Hannover-ch U14"]
[Site "Lehrte"]
[Date "2006.10.17"]
[Round "7"]
[White "Noelke, Henrik"]
[Black "Beyer, Teja"]
[Result "1/2-1/2"]
[WhiteElo "1040"]
[BlackElo "1202"]
[PlyCount "45"]
[EventDate "2006.10.14"]
[EventType "swiss"]
[EventRounds "7"]
[EventCountry "GER"]
[SourceTitle "EXT 2021"]
[Source "ChessBase"]
[SourceDate "2020.10.23"]
[SourceVersion "1"]
[SourceVersionDate "2020.10.23"]
[SourceQuality "1"]

1. e4 e5 2. Nf3 Nf6 3. Nxe5 d6 4. Nf3 Nxe4 5. Bd3 Nc5 6. Qe2+ Be7 7. 0-0 Nxd3 8. Qxd3 Nc6 9. Nc3 0-0 10. b3 Bg4 11. h3 Bh5 12. Re1 Bf6 13. Bb2 Bxf3 14. Qxf3 Nd4 15. Qd1 Qd7 16. Nd5 Ne2+ 17. Rxe2 Bxb2 18. Rb1 Be5 19. d4 Bf6 20. Nxf6+ gxf6 21. d5 Rfe8 22. Rxe8+ Rxe8 23. c4 1/2-1/2